| 000 | 01176nam a22003257a 4500 | ||
|---|---|---|---|
| 003 | CHAP | ||
| 005 | 20220329133824.0 | ||
| 008 | 971013s1956 r 10010 d | ||
| 010 | _a11382 | ||
| 011 | _a12354 | ||
| 035 | _a15456 | ||
| 040 | _cCHAP | ||
| 082 | 0 | 4 |
_a550 _bC65 |
| 111 | 0 | 0 |
_aCongreso Geológico Internacional ( _n20 _d: 1956 _c: México) _926709 |
| 245 | 1 | _aGeología a lo largo de la carretera entre México, D. F. y Taxco, Gro. Distrito minero de Taxco. Visita a un yacimiento de Fluorita en rocas del Terciario Inferior | |
| 260 |
_aMéxico : _bSociedad Geológica Mexicana, _c1956 |
||
| 300 |
_a93 p. _b: mapas |
||
| 490 | _aExcursiones A-4 y C-7 | ||
| 590 |
_aBATCH-UPD _b10 _c20130110 _lUCH01 _h0251 |
||
| 590 |
_aBATCH-UPD _b10 _c20130110 _lUCH01 _h0933 |
||
| 590 |
_aBATCH-UPD _b10 _c20130409 _lUCH01 _h2322 |
||
| 590 |
_aBATCH-UPD _b10 _c20130914 _lUCH01 _h1031 |
||
| 590 |
_aCONVERSION _b10 _c20130109 _lUCH01 _h1308 |
||
| 650 | 1 | 4 |
_aGeología _xCongresos. _947617 |
| 650 | 1 | 4 |
_aGeología _xMéxico. _947632 |
| 830 | 0 |
_aExcursiones A-4 y C-7 _939031 |
|
| 901 | _aBK | ||
| 942 | _cLIBRO | ||
| 949 |
_a550 C65 _bBC _cBPA _d33724000446639 _eBPA _h59802 _i15456 _mD _si |
||
| 999 |
_c11382 _d11382 |
||